| 000 | 00539nam a2200181 a 4500 | ||
|---|---|---|---|
| 005 | 20210223123736.0 | ||
| 008 | 991125s1948 mx 000 0 spa u | ||
| 035 | _aUPN01000059191 | ||
| 049 | _aCG | ||
| 050 | 4 |
_aF1219.3 M6 _bC3.9 |
|
| 100 | 1 |
_aCarrera Stampa, Manuel, _d1917-1978 _932280 |
|
| 245 | 1 | 0 |
_aZacatecas / _ctextos de Manuel Carrera Stampa. |
| 260 |
_aMéxico : _bEdiciones de Arte, _c1948. |
||
| 300 |
_a64 p. : _bil. |
||
| 440 | 0 |
_aAnáhuac de arte mexicano ; _v19 |
|
| 651 | 4 |
_aZACATECAS (CIUDAD) - _xHISTORIA |
|
| 905 | _aLibro | ||
| 999 |
_c59191 _d59191 |
||